00497nam a2200085Ia 4500008004100000245002700041300026800068650001600336856005900352170517s9999 xx 000 0 und d 4aThe Fluoride Deception aHailed as a harmless chemical that would prevent tooth decay, new evidence shows how fluoride could be linked to serious health problems. Fluoridation was first advanced in the US at the end of the second World War. Proponents argued that fluoride in water and... xTechnology. uhttp://topdocumentaryfilms.com/the-fluoride-deception/